LEADER 02183nas 2200493 n 450 001 990008885040403321 005 20240229084335.0 011 $a0001-6284 035 $a000888504 035 $aFED01000888504 035 $a(Aleph)000888504FED01 035 $a000888504 091 $2CNR$aP 00016215 100 $a20090724b19481969km-y0itaa50------ba 101 0 $afre 102 $aBE 110 $aauu-------- 200 1 $aActa neurologica et psychiatrica Belgica 207 1$a1948-1969 210 $aBruxelles$cActa Medica Belgica 430 0$1001000898480$12001$aJournal belge de neurologie et de psychiatrie 433 0$1001000888503$12001$aActa neurologica Belgica 433 0$1001000888556$12001$aActa psychiatrica Belgica 530 0 $aActa neurologica et psychiatrica Belgica 675 $a616.8 675 $a616.89 675 $a612.8 675 $a611.8 712 02$aSociété de Médecine Mentale de Belgique 712 02$aSociété belge de neurologie 712 02$aGroupement Belge d'Etudes Oto-Neuro-Ophtalmologiques et Neuro-Chirurgicales 712 02$aGroupement Belge d'Etudes Electroencéphalographiques 712 02$aGroupement Belge de Psychopathologie de l'Expression 712 02$aSociété Belge de Psychiatrie Infantile et des Disciplines Connexes 801 0$aIT$bACNP$c20090723 859 4 $uhttp://acnp.cib.unibo.it/cgi-ser/start/it/cnr/dc-p1.tcl?catno=8818&person=false&language=ITALIANO&libr=&libr_th=unina1$zBiblioteche che possiedono il periodico 901 $aSE 912 $a990008885040403321 958 $aBiblioteca. Dipartimento di Scienze neurologiche. Università degli studi di Napoli Federico II$b1948-1969.$fDMSCN 959 $aDMSCN 996 $aActa neurologica et psychiatrica Belgica$9802405 997 $aUNINA AP1 8 $6866-01$aNA173 Biblioteca. Dipartimento di Scienze neurologiche. Università degli studi di Napoli Federico II$ev. Pansini,5, Napoli (NA)$m(081) 7462657$m(081) 7463738$nit AP2 40$aacnp.cib.unibo.it$nACNP Italian Union Catalogue of Serials$uhttp://acnp.cib.unibo.it/cgi-ser/start/it/cnr/df-p.tcl?catno=8818&language=ITALIANO&libr=&person=&B=1&libr_th=unina&proposto=NO